[Event "Gibraltar Masters 11th"]
[Site "Caleta"]
[Date "2013.01.25"]
[Round "4"]
[White "Christiansmeier, Sven"]
[Black "Ferrante, Marco"]
[Result "0-1"]
[WhiteElo "2051"]
[BlackElo "2227"]
[PlyCount "58"]
[EventDate "2013.01.22"]
[EventType "swiss"]
[EventRounds "10"]
[EventCountry "GGB"]
[SourceTitle "CBM 153"]
[Source "ChessBase"]
[SourceDate "2013.03.14"]
[SourceVersion "1"]
[SourceVersionDate "2013.03.14"]
[SourceQuality "1"]

1. d4 d5 2. Nf3 Nf6 3. c4 c6 4. Nc3 e6 5. e3 Nbd7 6. Qc2 Bd6 7. g4 Bb4 8. Rg1 Qe7 9. Bd2 Bxc3 10. Bxc3 Ne4 11. Bd3 Nxc3 12. Qxc3 dxc4 13. Bxc4 0-0 14. h4 b5 15. Bd3 c5 16. Qc2 g6 17. Be4 Rb8 18. h5 Bb7 19. Bxb7 Rxb7 20. 0-0-0 Rc7 21. d5 exd5 22. Rxd5 Nb6 23. Re5 Qf6 24. Qe4 Nc4 25. g5 Qa6 26. Kb1 gxh5 27. g6 hxg6 28. Rxh5 Qf6 29. Ne5 Nd2+ 0-1

[Event "Regionalliga SW 0506"]
[Site "Bayern"]
[Date "2005.11.13"]
[Round "2.8"]
[White "Christiansmeier, Sven"]
[Black "Kwan, Michael"]
[Result "1/2-1/2"]
[WhiteElo "1936"]
[BlackElo "2046"]
[PlyCount "92"]
[EventDate "2005.10.23"]
[EventType "team-tourn"]
[EventRounds "9"]
[EventCountry "GER"]
[SourceTitle "EXT 2007"]
[Source "ChessBase"]
[SourceDate "2006.11.23"]
[SourceVersion "1"]
[SourceVersionDate "2006.11.23"]
[SourceQuality "1"]

1. d4 Nf6 2. Nf3 c5 3. c3 g6 4. g3 Bg7 5. Bg2 cxd4 6. cxd4 0-0 7. 0-0 d5 8. Nc3 Nc6 9. a3 Ne4 10. e3 Nxc3 11. bxc3 b6 12. Re1 Bb7 13. Qa4 Na5 14. Bf1 Rc8 15. Bb2 Bc6 16. Qb4 Qc7 17. Nd2 e6 18. c4 dxc4 19. Nxc4 Nxc4 20. Qxc4 Qd7 21. Rac1 Ba8 22. Qd3 Rxc1 23. Bxc1 Qd5 24. e4 Qxd4 25. Qa6 Qc3 26. Qe2 Rc8 27. Rd1 Qc6 28. f3 Bb7 29. Be3 h5 30. Qd3 Qc3 31. Kf2 Qxd3 32. Rxd3 Ba6 33. Rd7 Bxf1 34. Kxf1 Rc3 35. Ke2 Rxa3 36. f4 Ra2+ 37. Kf3 Ra3 38. e5 Bf8 39. Ke4 Kg7 40. h3 b5 41. g4 hxg4 42. hxg4 a5 43. Bb6 Ra4+ 44. Kf3 Kg8 45. Rd8 Rc4 46. Bxa5 Kg7 1/2-1/2

[Event "Hoeckendorf op"]
[Site "Hoeckendorf"]
[Date "2004.02.07"]
[Round "9"]
[White "Mueckan, Friedbert"]
[Black "Christiansmeier, Sven"]
[Result "1/2-1/2"]
[WhiteElo "2051"]
[BlackElo "2044"]
[PlyCount "174"]
[EventDate "2004.01.30"]
[EventType "swiss"]
[EventRounds "9"]
[EventCountry "GER"]
[SourceTitle "EXT 2008"]
[Source "ChessBase"]
[SourceDate "2007.11.25"]
[SourceVersion "1"]
[SourceVersionDate "2007.11.25"]
[SourceQuality "1"]

1. e4 e5 2. Nf3 Nf6 3. Nc3 Bb4 4. a3 Bxc3 5. dxc3 d6 6. Bc4 Bg4 7. h3 Bh5 8. Bg5 Nbd7 9. g4 Bg6 10. Nd2 Qe7 11. Qe2 h6 12. Bh4 Nc5 13. f3 Ne6 14. 0-0-0 0-0-0 15. Ba2 Kb8 16. Nc4 Rde8 17. Qe3 Nd8 18. Bb3 Qd7 19. Bf2 b6 20. Qe2 Qb5 21. Rd2 Nd7 22. Nxb6 Qxe2 23. Nxd7+ Kc8 24. Rxe2 Kxd7 25. Bxa7 Nc6 26. Bf2 Ra8 27. Bd5 Ra6 28. Rd1 Rb8 29. Bb3 Ke7 30. c4 Na5 31. Ba2 c5 32. Be1 Nc6 33. Rd3 Nd4 34. Ree3 f6 35. Bc3 Nc6 36. Bb3 Bf7 37. Re1 Nd8 38. h4 Ne6 39. Kb1 Nf4 40. Rd2 Ng6 41. Rh2 Nf4 42. Kc1 Ne6 43. Kd2 g6 44. Ra1 Ng7 45. Rhh1 Be6 46. Rhg1 Kf7 47. Raf1 g5 48. Rh1 Raa8 49. a4 Kg6 50. Kd3 Bf7 51. a5 Ne6 52. Ba4 Nf4+ 53. Kd2 Bxc4 54. Ra1 Ne2 55. b3 Ba6 56. Bd7 Kg7 57. Bb2 Ra7 58. Ba4 Rc7 59. c3 Nf4 60. h5 Be2 61. Ke3 Ra7 62. Rhe1 Bc4 63. Reb1 Bxb3 64. c4 Bxc4 65. Bc3 Rab7 66. Rxb7+ Rxb7 67. Bc2 Ba6 68. Rb1 d5 69. Rxb7+ Bxb7 70. Bb2 d4+ 71. Kd2 c4 72. Ba3 Ba6 73. Bb4 Kf7 74. Bb1 Ke6 75. Ba2 Kd7 76. Bf8 c3+ 77. Kd1 d3 78. Bb3 Nh3 79. Bb4 Ng1 80. Bxc3 Nxf3 81. Bb4 Nh2 82. Bf8 Nxg4 83. Kd2 Ke8 84. Bc5 f5 85. exf5 Nf6 86. Bd1 Ne4+ 87. Ke3 Nxc5 1/2-1/2

[Event "Hoeckendorf op"]
[Site "Hoeckendorf"]
[Date "2004.02.06"]
[Round "8"]
[White "Christiansmeier, Sven"]
[Black "Causevic, Ismet"]
[Result "0-1"]
[WhiteElo "2044"]
[BlackElo "1968"]
[PlyCount "58"]
[EventDate "2004.01.30"]
[EventType "swiss"]
[EventRounds "9"]
[EventCountry "GER"]
[SourceTitle "EXT 2008"]
[Source "ChessBase"]
[SourceDate "2007.11.25"]
[SourceVersion "1"]
[SourceVersionDate "2007.11.25"]
[SourceQuality "1"]

1. d4 Nf6 2. Nf3 e6 3. Bg5 Be7 4. e3 b6 5. Nbd2 Bb7 6. Bd3 d5 7. 0-0 0-0 8. Ne5 Nbd7 9. f4 c5 10. c3 Rc8 11. Qf3 h6 12. Bh4 Ne8 13. Bxe7 Qxe7 14. Qh3 Nd6 15. Ndf3 Ne4 16. g4 Rfd8 17. Qh5 f6 18. Ng6 Qf7 19. g5 Nf8 20. Nfh4 Nxg6 21. gxh6 gxh6 22. Qxg6+ Qxg6+ 23. Nxg6 Kf7 24. Bxe4 dxe4 25. Nh4 Rg8+ 26. Kf2 cxd4 27. exd4 Rg4 28. Ng2 Rcg8 29. Rg1 Rxg2+ 0-1

[Event "Seefeld op 14th"]
[Site "Seefeld"]
[Date "2003.09.16"]
[Round "4"]
[White "Meier, Alexander"]
[Black "Christiansmeier, Sven"]
[Result "1-0"]
[WhiteElo "1742"]
[BlackElo "2032"]
[PlyCount "67"]
[EventDate "2003.09.13"]
[EventType "swiss"]
[EventRounds "9"]
[EventCountry "AUT"]
[SourceTitle "CBM 097 Extra"]
[Source "ChessBase"]
[SourceDate "2004.01.13"]
[SourceVersion "1"]
[SourceVersionDate "2004.01.13"]
[SourceQuality "1"]

1. e4 e5 2. Bc4 Nf6 3. d3 Nc6 4. Nc3 a6 5. Nge2 h6 6. f4 d6 7. f5 Na5 8. Bb3 Nxb3 9. axb3 d5 10. Ng3 Bc5 11. Rf1 Ba7 12. Bd2 0-0 13. Nh5 dxe4 14. dxe4 c6 15. Qf3 Kh7 16. 0-0-0 Qe7 17. h4 Nxh5 18. Qxh5 f6 19. Qg6+ Kh8 20. Bxh6 gxh6 21. Qxh6+ Kg8 22. g4 Rf7 23. Rd3 Rh7 24. Qg6+ Rg7 25. Qh5 Bd7 26. g5 Bxf5 27. exf5 Rf8 28. gxf6 Qxf6 29. Ne4 Qf7 30. Qxf7+ Rgxf7 31. f6 Rh7 32. Ng5 Rxh4 33. f7+ Kh8 34. Ne6 1-0

[Event "Seefeld op 13th"]
[Site "Seefeld"]
[Date "2002.09.20"]
[Round "7"]
[White "Mueller, Norbert"]
[Black "Christiansmeier, Sven"]
[Result "1/2-1/2"]
[WhiteElo "2140"]
[BlackElo "2014"]
[PlyCount "36"]
[EventDate "2002.09.14"]
[EventType "swiss"]
[EventRounds "9"]
[EventCountry "AUT"]
[SourceTitle "EXT 2007"]
[Source "ChessBase"]
[SourceDate "2006.11.23"]
[SourceVersion "1"]
[SourceVersionDate "2006.11.23"]
[SourceQuality "1"]

1. g3 d5 2. Bg2 Nf6 3. d3 g6 4. c3 Bg7 5. Nf3 0-0 6. 0-0 c6 7. Nbd2 Re8 8. h3 a5 9. a4 Na6 10. Qc2 Nd7 11. e4 dxe4 12. dxe4 Ndc5 13. Ne1 Be6 14. Rb1 Ba2 15. Ra1 Be6 16. b3 Qd7 17. Rb1 Rad8 18. Nef3 Qd3 1/2-1/2

[Event "Seefeld op 13th"]
[Site "Seefeld"]
[Date "2002.09.19"]
[Round "6"]
[White "Christiansmeier, Sven"]
[Black "Ewald, Alexander"]
[Result "1/2-1/2"]
[WhiteElo "2014"]
[BlackElo "2140"]
[PlyCount "33"]
[EventDate "2002.09.14"]
[EventType "swiss"]
[EventRounds "9"]
[EventCountry "AUT"]
[SourceTitle "EXT 2007"]
[Source "ChessBase"]
[SourceDate "2006.11.23"]
[SourceVersion "1"]
[SourceVersionDate "2006.11.23"]
[SourceQuality "1"]

1. d4 Nf6 2. Nf3 e6 3. Bg5 Be7 4. c4 0-0 5. Nc3 d6 6. e4 Nbd7 7. Be2 e5 8. 0-0 c6 9. a3 Qc7 10. Qc2 Re8 11. Rac1 Nf8 12. h3 h6 13. Be3 g5 14. dxe5 dxe5 15. Nh2 Ng6 16. Ng4 Nxg4 17. Bxg4 1/2-1/2

[Event "Seefeld op 12th"]
[Site "Seefeld"]
[Date "2001.09.17"]
[Round "3"]
[White "Schmidt, Wolfgang"]
[Black "Christiansmeier, Sven"]
[Result "1-0"]
[WhiteElo "2265"]
[BlackElo "1888"]
[PlyCount "35"]
[EventDate "2001.09.15"]
[EventType "swiss"]
[EventRounds "9"]
[EventCountry "AUT"]
[SourceTitle "EXT 2002"]
[Source "ChessBase"]
[SourceDate "2001.11.25"]
[SourceVersion "1"]
[SourceVersionDate "2001.11.25"]
[SourceQuality "1"]

1. e4 e5 2. Nc3 Nf6 3. Bc4 Nc6 4. f4 Bb4 5. Nf3 Qe7 6. Nd5 Nxd5 7. Bxd5 d6 8. c3 Bc5 9. b4 Bb6 10. a4 a5 11. b5 Nb8 12. fxe5 dxe5 13. Ba3 Bc5 14. Bxc5 Qxc5 15. Nxe5 c6 16. Bxf7+ Ke7 17. Qh5 Nd7 18. Qg5+ 1-0

[Event "Seefeld op 11th"]
[Site "Seefeld"]
[Date "2000.09.21"]
[Round "6"]
[White "Christiansmeier, Sven"]
[Black "Gheri, Harald"]
[Result "1-0"]
[WhiteElo "1882"]
[BlackElo "1710"]
[PlyCount "103"]
[EventDate "2000.09.16"]
[EventType "swiss"]
[EventRounds "9"]
[EventCountry "AUT"]
[SourceTitle "EXT 2001"]
[Source "ChessBase"]
[SourceDate "2000.11.22"]
[SourceVersion "1"]
[SourceVersionDate "2000.11.22"]
[SourceQuality "1"]

1. d4 Nf6 2. Nf3 d6 3. c3 g6 4. Bg5 Bg7 5. Nbd2 0-0 6. e4 Bg4 7. Bd3 Nbd7 8. h3 Bxf3 9. Nxf3 e5 10. d5 Nc5 11. b4 Nxd3+ 12. Qxd3 Qd7 13. 0-0 Nh5 14. g4 Nf6 15. Nd2 Rae8 16. Qf3 Qd8 17. c4 h6 18. Bh4 g5 19. Bg3 Qd7 20. Qe3 b6 21. Rfc1 Qa4 22. Qc3 Qd7 23. c5 h5 24. f3 hxg4 25. hxg4 Rc8 26. Rc2 Rcd8 27. Rac1 bxc5 28. bxc5 Rb8 29. c6 Qc8 30. Qa3 a6 31. Rb2 Rxb2 32. Qxb2 Qb8 33. Rb1 Qxb2 34. Rxb2 Ra8 35. Rb7 Ne8 36. Nc4 Bf6 37. Na5 Kf8 38. Bf2 Ke7 39. Ra7 Rxa7 40. Bxa7 Kd8 41. Kf2 Be7 42. Nc4 Bf8 43. Ne3 Nf6 44. a4 Ng8 45. a5 Ne7 46. Nc2 Ng6 47. Nb4 Nf4 48. Ke3 Kc8 49. Nxa6 Be7 50. Nb8 Ng2+ 51. Kd2 f6 52. Nd7 1-0

[Event "Seefeld op 11th"]
[Site "Seefeld"]
[Date "2000.09.17"]
[Round "2"]
[White "Christiansmeier, Sven"]
[Black "Theuermeister, H."]
[Result "1/2-1/2"]
[WhiteElo "1882"]
[BlackElo "1500"]
[PlyCount "119"]
[EventDate "2000.09.16"]
[EventType "swiss"]
[EventRounds "9"]
[EventCountry "AUT"]
[SourceTitle "EXT 2001"]
[Source "ChessBase"]
[SourceDate "2000.11.22"]
[SourceVersion "1"]
[SourceVersionDate "2000.11.22"]
[SourceQuality "1"]

1. d4 Nf6 2. Nf3 e6 3. g3 d5 4. Bg2 c5 5. c3 Nc6 6. 0-0 Be7 7. e3 0-0 8. Qe2 Qc7 9. Nbd2 Bd7 10. dxc5 Bxc5 11. e4 dxe4 12. Nxe4 Nxe4 13. Qxe4 f5 14. Qe2 Rae8 15. Rd1 Kh8 16. Qc4 Bd6 17. Qd3 Be5 18. Nxe5 Nxe5 19. Qd6 Qxd6 20. Rxd6 Bc8 21. b3 Rd8 22. Ba3 Nf7 23. Rdd1 Rxd1+ 24. Rxd1 Rd8 25. Rxd8+ Nxd8 26. f4 Nf7 27. Bc5 a6 28. Kf2 g6 29. Bd4+ Kg8 30. c4 Kf8 31. c5 Nd8 32. b4 Ke7 33. Ke3 Bd7 34. Kd2 Bb5 35. Kc3 Ba4 36. Bf1 Nc6 37. Bh8 Nd8 38. Bc4 Nf7 39. Bd4 Nd8 40. Bb3 Bxb3 41. Kxb3 Kd7 42. Kc4 Kc6 43. a4 Kc7 44. Bf6 Nf7 45. b5 axb5+ 46. axb5 Nh6 47. h3 Kd7 48. Kd4 Nf7 49. Bh4 Kc7 50. g4 fxg4 51. hxg4 Nh6 52. Ke5 Nxg4+ 53. Kxe6 Ne3 54. Bf6 Nf5 55. Kf7 Kd7 56. Be5 h5 57. Bf6 h4 58. Bxh4 Nxh4 59. Kf6 Ng2 60. c6+ 1/2-1/2